000 00804nas a2200253 4500
001 BR8702003
003 BR-BrBNA
005 20231205090633.0
007 ta
008 230509b bl.|||p| |||| 00| 00por d
040 _aBR-BrBNA
_bpor
_cBiblioteca Nacional de Agricultura
041 _a(Pt)
072 _aL70
100 1 _aNovaes, A.P. de
100 1 _aBugner, M.
245 1 _aContencao farmacologica de bovinos com triiodoetilato de galamina [anestesia]
246 1 _aPharmacologic restraint of bovines with gallamine triethiodide
650 _aBOVINO
650 _aANESTESIA
650 _aMEDICAMENTO
773 0 _tPesquisa Agropecuaria Brasileira (Brazil)
_xISSN 0100-204X
_g(Apr 1986), v. 21(4) p. 429-433
_wBR8702003
909 _a202311
_bLúcia
_c55
_dLúcia Elande
942 _2AGRIS
_n0
_cANA
999 _c119944
_d119944